BIBLIOTHÈQUE DE LA MAISON DU MEXIQUE

Logo 1 Logo 2

Anécdotas (notice nᵒ 3302)

détails MARC
000 -Sello discográfico
campo de control de longitud fija 01094nam a2200289 4500
005 - Identificación de versión
campo de control 20251016083517.0
035 ## - Otros números de control del sistema
Número de control del sistema 13166
099 ## - fechas locales
Tipo de ítem Koha LIBRO
100 ## - Datos de procesamiento general
Datos de procesamiento general 19980507d1951 m y1spay5003 ba
105 ## - Campo de datos codificados: Material textual, monográfico
Datos codificados de monografía y 001zy
200 1# - Título y mención de responsabilidad
Título propio Anécdotas
Designación general del material texto impreso
Otra información del título Entre historias y consejas
Primer mención de responsabilidad José García Rodríguez
210 ## - Publicación, distribución, etc.
Lugar de publicación, distribución, etc. México
Nombre del editor, distribuidor, etc. Editorial Stylo
Fecha de publicación, distribución, etc. 1951
215 ## - Descripción física
Designación de material específico y extensión del ítem 211 p
Dimensiones 19 cm
327 ## - Nota de contenidos
Texto de la nota Soledad. Turbonada. Filautia. Fiestas reales. Milagro. El 19 de mayo de 1914. Mina de manteca. Elección. Los tres hemos ganado. ¿ Y la Patria ?. Don Francisco Ríos Ibarrola. El fin de un debate. Generales baratos ...
345 ## - Nota de información de adquisición
Fuente de adquisición/dirección de la suscripción [OBSOLETO] Donación
410 #1 - Series
Título Colección Stylo de Escritores Mexicanos Antiguos y Modernos
607 ## - Nombre geográfico utilizado como tema
Elemento de entrada Saltillo, Coahuila (México)
Subdivisión temática Vida social y costumbres
Número Koha 6913
660 ## - Código de área geográfica
Código MX
700 ## - Nombre personal - Responsabilidad primaria
Elemento de entrada García Rodríguez
Parte del nombre distinta del elemento de entrada José
Fechas 1875-1948
Número Koha 6914
801 #0 - Fuente de origen
Agencia cm
900 ## -
-- 1/17059
900 ## -
-- 710988663\\070598
942 ## - ELEMENTOS DE ENTRADA SECUNDARIOS (KOHA)
Tipo de ítem Koha Livre
996 ## -
-- MEX
-- 751145101
-- MMAG
-- 011821
-- 860.82 S938 V.31
-- 20241204LIV
Exemplaires
Estatus retirado Estado de daño Estado de pérdida Fecha de adquisición Biblioteca de origen Biblioteca actual Ubicación en estantería Código de barras Precio de reemplazo Signatura topográfica completa No para préstamo Tipo de ítem Koha Nota pública Nota no pública
      05/08/2025 Casa México Paris Casa México Paris   011821 05/08/2025 860.82 S938 V.31   Livre 20241204LIV 751145101